000 00457nam a2200181Ia 4500
001 20179
005 20260306172747.0
008 260306t2012||||xx |||||||||||||| ||spa||
041 _aESP
082 _a342.812
_bP41
100 _aPenadés Fons, Manuel
_eAUT
245 0 _aElección tácita de ley en los contratos internacionales
260 _c2012
300 _a264 páginas :
_c21cm.
650 _aGEN
654 _aCDE
942 _cLIB
_dJUS
_fJUS
_2ddc
_n
999 _c20179
_d20179